000 00893nam a22002777a 4500
001 8303
003 FISKH
005 20250908153503.0
008 250908b cb ||||| |||| 00| 0 eng d
020 _a9781435831865
040 _aFISKH
_beng
_cFISKH
_dFISKH
050 _aQE431.5 .A55
082 _a552
100 _aAllen, Kelly Nancy
245 _aIdentifying rocks /
_cNancy Kelly Allen
250 _aThis edition first published in 2009
260 _aNew York :
_bPowerskid,
_c2009
300 _a24 pages :
_bcolor illustrations ;
_c21 cm
505 _aW
520 _aRock identification is an interesting, fun, and hands-on earth science topic. Curious kids will be fascinated by a wealth of detailed information about this subject.
521 8 _a860
_bLexile
521 8 _aW
_bRaz-Plus
650 _2Rocks and minerals
_aKids
942 _2ddc
_cBK
_n0
999 _c8303
_d8303